[Event "CN Seniori 2012"]
[Site "Sarata Monteoru/Romania"]
[Date "2012.02.17"]
[Round "6.11"]
[White "Danilov, Vladimir"]
[Black "Gilea, Lucian"]
[Result "0-1"]
[WhiteElo "2440"]
[BlackElo "2261"]
[Annotator "Robot 8"]
[PlyCount "156"]
[EventDate "2012.??.??"]
[TimeControl "40/5400+30:900+30"]

1. d4 Nf6 2. g3 g6 3. Bg2 d5 4. Nf3 Bg7 5. O-O O-O 6. Nbd2 c5 7. dxc5 Na6 8.
Nb3 Ne4 9. Ng5 Nxg5 10. Bxg5 Bxb2 11. Rb1 Bg7 12. Qxd5 Qxd5 13. Bxd5 Nb4 14.
Bf3 Nxa2 15. Na5 Nc3 16. Rb3 Bh3 17. Bxe7 Rfe8 18. Rxb7 Bxf1 19. Kxf1 Bf8 20.
Bxf8 Kxf8 21. Bc6 Reb8 22. Rc7 Rc8 23. Rd7 Rab8 24. Rd3 Rb1+ 25. Kg2 Nxe2 26.
c4 Nc1 27. Ra3 Rb2 28. Bd5 Rxc5 29. Nc6 Ra2 30. Rf3 f5 31. g4 Ne2 32. gxf5 g5
33. Ne5 Rc7 34. c5 Ra1 35. c6 Ra5 36. Nd7+ Rxd7 37. cxd7 Rxd5 38. Re3 Nf4+ 39.
Kf3 Rxd7 40. Kg4 h6 41. Ra3 Nd5 42. h4 Nf6+ 43. Kg3 gxh4+ 44. Kxh4 Rd5 45. Rxa7
Rxf5 46. Ra2 Kf7 47. Kg3 Ne4+ 48. Kg2 Kg6 49. f3 Rg5+ 50. Kh2 Nc5 51. Kh3 Kh5
52. Rc2 Nd3 53. Rc4 Nf2+ 54. Kh2 Nd1 55. Kh3 Ne3 56. Re4 Nf1 57. Rh4+ Kg6 58.
Rf4 Rg3+ 59. Kh4 Rg2 60. Rf8 Kg7 61. Ra8 Rg6 62. Ra1 Ne3 63. Ra7+ Kf6 64. f4
Ng2+ 65. Kh5 Nxf4+ 66. Kh4 Ne6 67. Ra6 Rg1 68. Kh5 Rh1+ 69. Kg4 h5+ 70. Kg3 Re1
71. Kh4 Re5 72. Rb6 Kg6 73. Ra6 Re4+ 74. Kg3 Kf5 75. Ra5+ Re5 76. Ra8 Ng7 77.
Rg8 Kg6 78. Kh3 Re8 0-1

[Event "CN Seniori 2012"]
[Site "Sarata Monteoru/Romania"]
[Date "2012.02.17"]
[Round "6.12"]
[White "Craciun, Ovidiu"]
[Black "Manea, Alexandru"]
[Result "0-1"]
[WhiteElo "2060"]
[BlackElo "2429"]
[Annotator "Robot 8"]
[PlyCount "52"]
[EventDate "2012.??.??"]
[TimeControl "40/5400+30:900+30"]

1. e4 d5 2. exd5 Qxd5 3. Nc3 Qd6 4. d4 Nf6 5. Nf3 a6 6. d5 b5 7. Qd4 c5 8. dxc6
Qxd4 9. Nxd4 e5 10. Ndxb5 axb5 11. Bxb5 Bb4 12. Be3 Nd5 13. O-O-O Nxe3 14. fxe3
Bxc3 15. bxc3 Ke7 16. a4 Ra7 17. Rd5 f6 18. Rhd1 Be6 19. Rd6 Rc8 20. Kb2 Rac7
21. a5 Nxc6 22. Rxc6 Rxc6 23. Ra1 Ra6 24. Ra4 Kd6 25. c4 Kc5 26. Kc3 f5 0-1

[Event "CN Seniori 2012"]
[Site "Sarata Monteoru/Romania"]
[Date "2012.02.17"]
[Round "6.13"]
[White "Daianu, Cristian-Clement"]
[Black "Petrisor, Adrian-Marian"]
[Result "0-1"]
[WhiteElo "2242"]
[BlackElo "2385"]
[Annotator "Robot 8"]
[PlyCount "54"]
[EventDate "2012.??.??"]
[TimeControl "40/5400+30:900+30"]

1. e4 c5 2. Nf3 d6 3. d4 cxd4 4. Nxd4 Nf6 5. Nc3 a6 6. Rg1 g6 7. g4 Bg7 8. Be3
O-O 9. Be2 b5 10. g5 Nfd7 11. f4 Bb7 12. Qd2 Nc5 13. Bf3 Nbd7 14. O-O-O Nb6 15.
Qe2 Nc4 16. e5 Qc7 17. Bxb7 Qxb7 18. Nb3 Ne6 19. Nd4 Nxf4 20. Bxf4 dxe5 21. Bg3
exd4 22. Ne4 Ne3 23. Qf3 Kh8 24. Rd3 Rac8 25. Kb1 Nxc2 26. h4 Nb4 27. Rdd1 Qd5
0-1

[Event "CN Seniori 2012"]
[Site "Sarata Monteoru/Romania"]
[Date "2012.02.17"]
[Round "6.14"]
[White "Anton, Teodor"]
[Black "Lupascu, Matei-Alexandru"]
[Result "1-0"]
[WhiteElo "2393"]
[BlackElo "1979"]
[Annotator "Robot 8"]
[PlyCount "50"]
[EventDate "2012.??.??"]
[TimeControl "40/5400+30:900+30"]

1. d4 Nf6 2. Nf3 g6 3. Nbd2 Bg7 4. e4 d6 5. Bd3 O-O 6. O-O Nbd7 7. Re1 e5 8. c3
a6 9. a4 Re8 10. a5 c5 11. Nc4 Qc7 12. dxe5 Nxe5 13. Nfxe5 dxe5 14. Nb6 Rb8 15.
Bc4 Bd7 16. Nxd7 Nxd7 17. Qb3 Nf8 18. Be3 Ne6 19. g3 Bf8 20. Red1 Rbd8 21. Kg2
Rd6 22. Rxd6 Qxd6 23. Qxb7 Rb8 24. Qxa6 Qxa6 25. Bxa6 Rxb2 1-0

[Event "CN Seniori 2012"]
[Site "Sarata Monteoru/Romania"]
[Date "2012.02.17"]
[Round "6.15"]
[White "Parligras, Mircea-Emilian"]
[Black "Neagu, Liviu"]
[Result "1-0"]
[WhiteElo "2650"]
[BlackElo "2122"]
[Annotator "Robot 8"]
[PlyCount "63"]
[EventDate "2012.??.??"]
[TimeControl "40/5400+30:900+30"]

1. d4 Nf6 2. c4 g6 3. Nc3 Bg7 4. e4 d6 5. h3 O-O 6. Nf3 Na6 7. Be3 c5 8. d5 Qa5
9. Nd2 e5 10. g4 Bd7 11. Be2 Nc7 12. a4 Na6 13. h4 Nb4 14. f3 Ne8 15. h5 f5 16.
hxg6 hxg6 17. gxf5 gxf5 18. Nb3 Qd8 19. Kd2 f4 20. Bf2 a6 21. Qg1 Rf7 22. Qg6
Kf8 23. Nxc5 Qf6 24. Nxd7+ Rxd7 25. Qxf6+ Bxf6 26. a5 Rg7 27. Ra4 Rg2 28. Bh4
Nc6 29. Rb4 Ra7 30. Bxf6 Nxf6 31. Rb6 Ke7 32. Rxc6 1-0

[Event "CN Seniori 2012"]
[Site "Sarata Monteoru/Romania"]
[Date "2012.02.17"]
[Round "6.16"]
[White "Bonte, Andrei-Mihai"]
[Black "Dumitrascu, Cornel"]
[Result "0-1"]
[WhiteElo "2380"]
[BlackElo "2086"]
[Annotator "Robot 8"]
[PlyCount "106"]
[EventDate "2012.??.??"]
[TimeControl "40/5400+30:900+30"]

1. d4 e6 2. c4 Nf6 3. Nc3 Bb4 4. Nf3 c5 5. g3 cxd4 6. Nxd4 Ne4 7. Qd3 Bxc3+ 8.
bxc3 Nc5 9. Qf3 d6 10. Bg2 e5 11. Nf5 Qf6 12. Ne3 Qxf3 13. Bxf3 Nba6 14. Rb1
Rb8 15. O-O Be6 16. Rd1 Ke7 17. Ba3 Rhd8 18. h4 b6 19. Rd2 Rbc8 20. Rbd1 Nb8
21. g4 h6 22. Bd5 Nba6 23. f3 Nc7 24. Bxe6 fxe6 25. Nf1 Ne8 26. Ng3 Nb7 27. Ne4
Rxc4 28. Rd3 Ra4 29. Bc1 Nc5 30. Nxc5 bxc5 31. a3 Rb8 32. h5 Rb6 33. Kf2 e4 34.
R3d2 Nf6 35. Rc2 Rc4 36. g5 hxg5 37. Bxg5 Kf7 38. Bxf6 Kxf6 39. Ke3 exf3 40.
exf3 Rh4 41. a4 d5 42. Rg1 Rxh5 43. Rcg2 g5 44. Kd3 Rb3 45. Kc2 Ra3 46. Rg4 c4
47. Kb2 Rxa4 48. f4 gxf4 49. Rxf4+ Rf5 50. Rfg4 Rf2+ 51. Kb1 Raa2 52. Rg6+ Ke5
53. Re1+ Rae2 0-1

[Event "CN Seniori 2012"]
[Site "Sarata Monteoru/Romania"]
[Date "2012.02.17"]
[Round "6.17"]
[White "Telea, Stefan"]
[Black "Balla, Tamas-Kristof"]
[Result "1/2-1/2"]
[WhiteElo "2112"]
[BlackElo "2377"]
[Annotator "Robot 8"]
[PlyCount "97"]
[EventDate "2012.??.??"]
[TimeControl "40/5400+30:900+30"]

1. Nf3 c5 2. g3 Nc6 3. d4 cxd4 4. Nxd4 d5 5. Bg2 Nf6 6. O-O Qb6 7. Nxc6 bxc6 8.
c4 Bb7 9. Nc3 Rd8 10. Qa4 Qa6 11. Qxa6 Bxa6 12. cxd5 cxd5 13. Be3 Rd7 14. Bd4
e6 15. Rfd1 Be7 16. e4 dxe4 17. Nxe4 Nxe4 18. Bxe4 O-O 19. Be3 Rfd8 20. Rxd7
Rxd7 21. Rb1 f5 22. Bf3 e5 23. b4 e4 24. b5 Bb7 25. Be2 Ba8 26. Bc4+ Kf8 27.
Be6 Rc7 28. Bxf5 Bd5 29. a4 g6 30. Bh3 Rc4 31. a5 Bc5 32. Bf1 Rc2 33. b6 Bxe3
34. fxe3 axb6 35. axb6 Bb7 36. Bb5 Ke7 37. Ba4 Rc4 38. Bb5 Rc5 39. Rb2 Rc1+ 40.
Kf2 Kd6 41. h4 Kc5 42. Bf1 Rc3 43. g4 h6 44. Bg2 Ra3 45. g5 hxg5 46. hxg5 Ra5
47. Kg3 Kc4 48. Bf1+ Kc3 49. Rb5 1/2-1/2

[Event "CN Seniori 2012"]
[Site "Sarata Monteoru/Romania"]
[Date "2012.02.17"]
[Round "6.18"]
[White "Posedaru, Bogdan"]
[Black "Stegariu, Alexandru"]
[Result "1/2-1/2"]
[WhiteElo "2337"]
[BlackElo "2122"]
[Annotator "Robot 8"]
[PlyCount "53"]
[EventDate "2012.??.??"]
[TimeControl "40/5400+30:900+30"]

1. d4 d6 2. c4 e5 3. d5 g6 4. e4 Bg7 5. g3 Ne7 6. Bh3 Nd7 7. Nc3 O-O 8. Nge2 f5
9. O-O Nf6 10. exf5 Nxf5 11. Bg2 a5 12. Qd3 b6 13. f4 Nd7 14. Qc2 Nd4 15. Qd1
Nc5 16. Be3 Bg4 17. h3 Bxe2 18. Nxe2 Nxe2+ 19. Qxe2 Qe7 20. Bd4 Rae8 21. Rae1
Qd7 22. fxe5 Rxf1+ 23. Qxf1 Bxe5 24. Bxe5 Rxe5 25. Rxe5 dxe5 26. Qe2 Qe7 27. d6
1/2-1/2

[Event "CN Seniori 2012"]
[Site "Sarata Monteoru/Romania"]
[Date "2012.02.17"]
[Round "6.19"]
[White "Manole, Stefan"]
[Black "Stanciu, Alexandru-Ovidiu"]
[Result "0-1"]
[WhiteElo "2082"]
[BlackElo "2314"]
[PlyCount "42"]
[EventDate "2012.??.??"]

1. e4 e5 2. Nf3 Nc6 3. d4 exd4 4. Nxd4 Nf6 5. Nxc6 bxc6 6. e5 Qe7 7. Qe2 Nd5 8.
c4 Ba6 9. Nd2 g6 10. Qe4 f5 11. exf6 Nxf6 12. Qxe7+ Bxe7 13. g3 O-O 14. Be2
Rae8 15. O-O Bb4 16. Bd3 Ng4 17. Kg2 d5 18. h3 Ne5 19. Be2 Nxc4 20. Bxc4 dxc4
21. Rh1 c5 0-1

[Event "CN Seniori 2012"]
[Site "Sarata Monteoru/Romania"]
[Date "2012.02.17"]
[Round "6.20"]
[White "Voiteanu, Gabriel"]
[Black "Martian, Dragos-Daniel"]
[Result "0-1"]
[WhiteElo "2304"]
[BlackElo "2074"]
[PlyCount "88"]
[EventDate "2012.??.??"]

1. d4 Nf6 2. Nf3 e6 3. c4 b6 4. a3 Bb7 5. Nc3 d5 6. cxd5 Nxd5 7. Bd2 Nf6 8. Qc2
c5 9. e3 a6 10. Be2 Nbd7 11. Rd1 Qc7 12. O-O Bd6 13. h3 O-O 14. Qb1 Rad8 15.
Rc1 Qb8 16. b4 cxb4 17. axb4 e5 18. dxe5 Nxe5 19. Nd4 Qa8 20. f4 Nc6 21. Bf3
Nxb4 22. Na4 Bxf3 23. Rxf3 a5 24. Nxb6 Qa7 25. Nc4 Bc5 26. Bxb4 axb4 27. Nc6
Qc7 28. Nxd8 Rxd8 29. Kh1 h5 30. Ne5 Qd6 31. Qb3 Qd5 32. Qc4 Ne4 33. Qb5 h4 34.
Nc6 Nc3 35. Rxc3 bxc3 36. Nxd8 Qxd8 37. Qe2 Qd2 38. Qc4 c2 39. Rf1 Qd1 40. Kh2
Qxf1 41. Qxf1 Bxe3 42. Qd3 Bxf4+ 43. g3 hxg3+ 44. Kg2 c1=Q 0-1

[Event "CN Seniori 2012"]
[Site "Sarata Monteoru/Romania"]
[Date "2012.02.17"]
[Round "6.21"]
[White "Toma, Radu-Cristian"]
[Black "Pop, Alexandru"]
[Result "1/2-1/2"]
[WhiteElo "2052"]
[BlackElo "2254"]
[Annotator ",UserMBL"]
[PlyCount "117"]
[EventDate "2012.??.??"]

1. d4 Nf6 2. Nf3 g6 3. Nbd2 c5 4. dxc5 Qa5 5. a3 Qxc5 6. b4 Qc7 7. Bb2 Bg7 8.
Ne4 Qb6 9. Nxf6+ Bxf6 10. Bxf6 Qxf6 11. Qd4 Qxd4 12. Nxd4 Nc6 13. O-O-O Nxd4
14. Rxd4 d6 15. e3 Bd7 16. Kb2 Rc8 17. Be2 O-O 18. h4 Rc7 19. Rc4 Rfc8 20. Rxc7
Rxc7 21. Rd1 Kg7 22. g3 f5 23. Rd4 $11 Be6 24. Bf3 Kf6 25. Bd5 Bd7 26. Rc4 Rxc4
27. Bxc4 Bc6 28. Be2 e5 29. c4 f4 30. exf4 exf4 31. Kc3 Ke5 32. Bd3 Be4 33. Be2
b6 34. a4 Bc6 35. a5 bxa5 36. bxa5 fxg3 37. fxg3 Ke4 38. h5 Ke3 39. hxg6 hxg6
40. Bd1 g5 41. Bh5 Kf2 42. g4 Ke3 43. Bf7 Bd7 44. c5 dxc5 45. Kc4 Bxg4 46. Kxc5
Be2 47. Be6 Ke4 48. Kc6 Kd4 49. Kb7 a6 50. Kb6 Ke5 51. Bc8 Kd6 52. Bf5 Ke7 53.
Bc8 Kd8 54. Bf5 Bb5 55. Bh3 Bd7 56. Bf1 Bc8 57. Be2 Kd7 58. Bg4+ Kd8 59. Be2
1/2-1/2

[Event "CN Seniori 2012"]
[Site "Sarata Monteoru/Romania"]
[Date "2012.02.17"]
[Round "6.22"]
[White "Mosnegutu, Klauss"]
[Black "Tufa, Mihai"]
[Result "1-0"]
[WhiteElo "2246"]
[BlackElo "2044"]
[PlyCount "85"]
[EventDate "2012.??.??"]

1. d4 Nf6 2. c4 e6 3. g3 Bb4+ 4. Bd2 Qe7 5. Bg2 O-O 6. Nf3 Nc6 7. O-O Bxd2 8.
Nbxd2 e5 9. d5 Nb8 10. e4 d6 11. Ne1 Nbd7 12. b4 a5 13. a3 Nb6 14. Nd3 Bd7 15.
Qb3 axb4 16. axb4 Bg4 17. c5 Nbd7 18. f3 Bh5 19. Qc3 Rfc8 20. Rfc1 Qd8 21. Nc4
Ne8 22. h4 f6 23. Na5 Nf8 24. c6 b6 25. Nc4 f5 26. exf5 Nf6 27. Ne3 Bf7 28. f4
e4 29. Nf2 Nxd5 30. Nxd5 Bxd5 31. Bxe4 Bf7 32. Bf3 h6 33. Rxa8 Rxa8 34. Ne4 Nh7
35. Rd1 d5 36. Nf2 Qd6 37. Ng4 Ra4 38. Rd4 Nf6 39. Ne5 Be8 40. g4 Kh7 41. g5
Ng8 42. Bxd5 Qe7 43. Bxg8+ 1-0

[Event "CN Seniori 2012"]
[Site "Sarata Monteoru/Romania"]
[Date "2012.02.17"]
[Round "6.23"]
[White "Baciu, Stefan"]
[Black "Tudose, Cristian"]
[Result "1-0"]
[WhiteElo "2222"]
[BlackElo "1854"]
[PlyCount "77"]
[EventDate "2012.??.??"]

1. d4 Nf6 2. c4 e6 3. Nc3 Bb4 4. e3 d5 5. Nf3 c5 6. Bd3 Nc6 7. O-O O-O 8. a3
Bxc3 9. bxc3 dxc4 10. Bxc4 e5 11. Nxe5 Nxe5 12. dxe5 Ng4 13. Qxd8 Rxd8 14. f4
Bf5 15. Be2 Nh6 16. Re1 Be4 17. Ra2 Nf5 18. Kf2 c4 19. Rd2 Rxd2 20. Bxd2 Rd8
21. Bc1 Ne7 22. Bxc4 g5 23. Be2 Nc6 24. Rd1 Rxd1 25. Bxd1 Na5 26. Bf3 Bxf3 27.
Kxf3 Nb3 28. Bb2 Nd2+ 29. Ke2 Nc4 30. Bc1 f6 31. Kd3 b5 32. a4 a6 33. axb5 axb5
34. exf6 gxf4 35. exf4 Kf7 36. g4 Kxf6 37. Ke4 Nd6+ 38. Kd5 Nf7 39. Kc5 1-0

[Event "CN Seniori 2012"]
[Site "Sarata Monteoru/Romania"]
[Date "2012.02.17"]
[Round "6.25"]
[White "Acsinte, Matei-Ionut"]
[Black "Stegariu, Vlad-Ionut"]
[Result "0-1"]
[WhiteElo "1997"]
[BlackElo "2202"]
[PlyCount "56"]
[EventDate "2012.??.??"]

1. e4 c5 2. Nc3 e6 3. g4 h5 4. gxh5 Nc6 5. d3 Nf6 6. Bg2 Nxh5 7. Nge2 d6 8. Ng3
g6 9. Bf3 Ng7 10. Be3 Be7 11. Qd2 Nd4 12. Bg2 Rb8 13. Nce2 e5 14. c3 Bh3 15.
cxd4 Bxg2 16. Rg1 Rxh2 17. d5 Bf3 18. Bh6 Nh5 19. Nf5 Bh4 20. Nxh4 Qxh4 21. Qe3
Bxe2 22. Kxe2 Nf4+ 23. Bxf4 exf4 24. Qf3 Ke7 25. d4 cxd4 26. Rac1 d3+ 27. Kxd3
Rxf2 28. Qh1 Rh2 0-1

[Event "CN Seniori 2012"]
[Site "Sarata Monteoru/Romania"]
[Date "2012.02.17"]
[Round "6.26"]
[White "Dobre, Mihai"]
[Black "Horvat, Dan-Sebastian"]
[Result "1/2-1/2"]
[WhiteElo "1975"]
[BlackElo "2197"]
[PlyCount "93"]
[EventDate "2012.??.??"]

1. e4 c5 2. Nf3 d6 3. b3 Nc6 4. Bb2 e5 5. c4 Nf6 6. d3 g6 7. Nc3 Bg7 8. Be2 O-O
9. O-O h6 10. Nd5 Be6 11. Qd2 a6 12. Ne1 b5 13. Nxf6+ Bxf6 14. Nc2 Bg5 15. Qd1
f5 16. exf5 Bxf5 17. Bf3 Rc8 18. Bc1 Kh7 19. Bg4 Bxc1 20. Rxc1 Qg5 21. Bf3 Rc7
22. Bxc6 Rxc6 23. Ne3 Be6 24. Qe2 Rc7 25. f3 Rf4 26. Nd1 Rxf3 27. Qxf3 Qxc1 28.
Qf8 Qa1 29. Qxd6 Qd4+ 30. Qxd4 exd4 31. Re1 Bf5 32. Nf2 h5 33. cxb5 axb5 34.
Ne4 Kg7 35. Nd6 Bd7 36. Ne8+ Bxe8 37. Rxe8 b4 38. Kf2 Ra7 39. Re2 Kf6 40. Rc2
Ra5 41. Kf3 Ke5 42. Re2+ Kd5 43. Kf4 Ra8 44. Kg5 Ra6 45. h4 Rd6 46. Re1 Ra6 47.
Re2 1/2-1/2

[Event "CN Seniori 2012"]
[Site "Sarata Monteoru/Romania"]
[Date "2012.02.17"]
[Round "6.27"]
[White "David, Alexandru-Vasile"]
[Black "Varlan, Hervig-Ioan"]
[Result "0-1"]
[WhiteElo "1968"]
[BlackElo "2184"]
[PlyCount "106"]
[EventDate "2012.??.??"]

1. d4 c5 2. d5 e5 3. e4 d6 4. g3 Be7 5. h4 Nf6 6. Qe2 O-O 7. Bh3 b5 8. Bxc8
Qxc8 9. f3 Nh5 10. Qf2 Na6 11. g4 Nf4 12. Ne2 Nxe2 13. Qxe2 Nc7 14. Be3 Qb7 15.
Nd2 a5 16. c3 a4 17. Kf2 c4 18. a3 Na6 19. Rag1 Bd8 20. Nf1 Bb6 21. Ke1 Qa7 22.
Kd1 Rac8 23. Rg3 Bxe3 24. Nxe3 Nc5 25. Rh2 Nd3 26. Nf5 Nf4 27. Qd2 Qc7 28. h5
Kh8 29. Rh1 Rfd8 30. Qh2 Rd7 31. Qh4 f6 32. g5 fxg5 33. Rxg5 b4 34. axb4 a3 35.
bxa3 Qa7 36. Kd2 Qxa3 37. Rc1 Qb2+ 38. Rc2 Qb1 39. Qf2 Nh3 40. Qg3 Nxg5 41.
Qxg5 Qf1 42. Qe3 Qh3 43. Ra2 Qxh5 44. Ra7 Qh2+ 45. Ke1 Rxa7 46. Qxa7 Qg2 47. b5
h5 48. Qf2 Qg5 49. b6 Qc1+ 50. Ke2 Ra8 51. Qe1 Ra2+ 52. Kf1 Qb2 53. Ne3 Qh2 0-1

[Event "CN Seniori 2012"]
[Site "Sarata Monteoru/Romania"]
[Date "2012.02.17"]
[Round "6.29"]
[White "Deac, Bogdan-Daniel"]
[Black "Paval, George"]
[Result "1/2-1/2"]
[WhiteElo "1795"]
[BlackElo "2229"]
[PlyCount "101"]
[EventDate "2012.??.??"]

1. Nf3 d5 2. d4 Nf6 3. c4 g6 4. g3 Bg7 5. Bg2 O-O 6. O-O dxc4 7. Nbd2 a6 8.
Nxc4 b5 9. Nfe5 Nd5 10. Na5 e6 11. Nb3 Qe7 12. e4 Nb6 13. Qc2 Na4 14. Nd3 Ra7
15. Be3 Nd7 16. Na5 Bb7 17. d5 Nab6 18. Nc6 Bxc6 19. dxc6 Nf6 20. Bc5 Qd8 21.
Bxf8 Qxf8 22. Rad1 h5 23. Nc5 Qe7 24. b3 h4 25. Nd7 Nbxd7 26. cxd7 Nxd7 27. f4
c5 28. e5 hxg3 29. hxg3 Bf8 30. Rf3 Nb6 31. Rfd3 Rc7 32. Rd6 c4 33. Kh2 cxb3
34. Qxb3 Na4 35. Qf3 f5 36. Qa8 Nc5 37. Rc6 Qh7+ 38. Kg1 Rd7 39. Rxd7 Qxd7 40.
Rd6 Qf7 41. Rd8 Kg7 42. Qc8 Be7 43. Rd1 g5 44. Rc1 Qh5 45. Qc7 Kf7 46. Rxc5
Qd1+ 47. Kh2 Qh5+ 48. Kg1 Qd1+ 49. Kh2 Qh5+ 50. Kg1 Qd1+ 51. Kh2 1/2-1/2

[Event "CN Seniori 2012"]
[Site "Sarata Monteoru/Romania"]
[Date "2012.02.17"]
[Round "6.30"]
[White "Ciobanu, Aurelian"]
[Black "Toma, Mihail"]
[Result "1-0"]
[WhiteElo "2276"]
[BlackElo "1964"]
[PlyCount "63"]
[EventDate "2012.??.??"]

1. e4 d5 2. exd5 Qxd5 3. Nc3 Qa5 4. Bc4 Nf6 5. d4 c6 6. Nf3 Bf5 7. Bd2 e6 8.
Ne5 Nbd7 9. Qe2 Bb4 10. Nd3 O-O-O 11. O-O h5 12. Nxb4 Qxb4 13. Nd5 Qxb2 14.
Ne7+ Kb8 15. Nxc6+ Ka8 16. Nxd8 Rxd8 17. c3 Ne4 18. Rfd1 Nb6 19. Rab1 Qa3 20.
Rb3 Qa4 21. Bd3 Nxd2 22. Rxd2 Bxd3 23. Qxd3 g6 24. Qb5 Qxb5 25. Rxb5 Nc4 26.
Re2 a6 27. Rc5 Nd6 28. h3 Rd7 29. d5 b6 30. dxe6 fxe6 31. Rg5 Nb5 32. Rxe6 1-0

[Event "CN Seniori 2012"]
[Site "Sarata Monteoru/Romania"]
[Date "2012.02.17"]
[Round "6.31"]
[White "Mongescu, Lucian"]
[Black "Pessi, Emil-George"]
[Result "0-1"]
[WhiteElo "1984"]
[BlackElo "2272"]
[PlyCount "106"]
[EventDate "2012.??.??"]

1. e4 e5 2. Nf3 Nc6 3. Bb5 f5 4. Bxc6 dxc6 5. Nc3 Nf6 6. d3 fxe4 7. Nxe4 Nxe4
8. dxe4 Qxd1+ 9. Kxd1 Bd6 10. h3 O-O 11. Ke2 b6 12. c4 b5 13. Bd2 Be6 14. b3
bxc4 15. Ng5 Bc8 16. bxc4 Rb8 17. Rab1 Ba6 18. Kd3 h6 19. Nf3 Rbd8 20. Kc3 Bc8
21. Be3 a6 22. Rbd1 Rde8 23. Nh2 Be6 24. Rb1 Rb8 25. Rb3 a5 26. Rhb1 Bb4+ 27.
Rxb4 axb4+ 28. Kb3 Rfd8 29. Nf3 Rd3+ 30. Kb2 Ra3 31. Nxe5 Rba8 32. Ra1 b3 33.
h4 bxa2 34. g3 R3a6 35. Bd4 Bh3 36. Bc3 Bg2 37. f3 h5 38. Bd4 Kf8 39. Nd7+ Ke7
40. Ne5 Ke6 41. Bc3 Kd6 42. Rd1+ Kc5 43. Bd4+ Kd6 44. Ka1 Ke6 45. Rd2 Rd8 46.
Ng6 c5 47. Nf4+ Kf7 48. Nd5 c6 49. Bxc5 cxd5 50. cxd5 Rb8 51. Rd1 Rb1+ 52. Rxb1
axb1=Q+ 53. Kxb1 Bxf3 0-1

[Event "CN Seniori 2012"]
[Site "Sarata Monteoru/Romania"]
[Date "2012.02.17"]
[Round "6.32"]
[White "Senetia, Teodor"]
[Black "Costachi, Mihnea"]
[Result "1-0"]
[WhiteElo "2198"]
[BlackElo "1937"]
[PlyCount "83"]
[EventDate "2012.??.??"]

1. e4 e5 2. Nf3 Nc6 3. Bb5 a6 4. Ba4 Nf6 5. O-O Be7 6. Re1 b5 7. Bb3 d6 8. c3
O-O 9. h3 Na5 10. Bc2 c5 11. d4 Qc7 12. d5 Ne8 13. b3 Nb7 14. a4 Rb8 15. axb5
axb5 16. b4 g6 17. Bh6 Ng7 18. Nbd2 f5 19. Ra7 f4 20. Qb1 c4 21. Qa2 Qd8 22.
Ra1 g5 23. Nh2 Qe8 24. Bd1 Qg6 25. Bxg7 Qxg7 26. Bg4 Bxg4 27. hxg4 h5 28. Qa6
Bd8 29. Qxb5 hxg4 30. Nxg4 Rf7 31. Kf1 Qh7 32. Ke2 Kg7 33. f3 Qh4 34. Rg1 Qh8
35. Nxc4 Bf6 36. Na5 Nxa5 37. Rxf7+ Kxf7 38. Qd7+ Kg6 39. bxa5 Qf8 40. Qf5+ Kg7
41. Rh1 Rb2+ 42. Kd3 1-0

[Event "CN Seniori 2012"]
[Site "Sarata Monteoru/Romania"]
[Date "2012.02.17"]
[Round "6.34"]
[White "Fugulyan, Grigore"]
[Black "Bida, Mihai-Eugen"]
[Result "0-1"]
[WhiteElo "1958"]
[BlackElo "2183"]
[PlyCount "54"]
[EventDate "2012.??.??"]

1. d4 Nf6 2. c4 e6 3. Nf3 Bb4+ 4. Bd2 a5 5. a3 Be7 6. Nc3 d5 7. Bf4 O-O 8. e3
b6 9. cxd5 exd5 10. Nb5 Na6 11. Rc1 c5 12. Ne5 Qe8 13. Be2 c4 14. a4 Bb4+ 15.
Kf1 Ne4 16. f3 Nd2+ 17. Kf2 f6 18. Ng4 Bxg4 19. fxg4 g5 20. Bg3 Ne4+ 21. Kg1
Bd2 22. Bf2 Bxc1 23. Qxc1 Nb4 24. Nc7 Qxa4 25. Nxa8 Rxa8 26. h4 Nd3 27. b3 Qa2
0-1

[Event "CN Seniori 2012"]
[Site "Sarata Monteoru/Romania"]
[Date "2012.02.17"]
[Round "6.35"]
[White "Arghirescu, Marius"]
[Black "Tomici, Stefan"]
[Result "0-1"]
[WhiteElo "1921"]
[BlackElo "2147"]
[PlyCount "64"]
[EventDate "2012.??.??"]

1. e4 e5 2. Nf3 Nc6 3. Bb5 Nf6 4. O-O Nxe4 5. d4 Nd6 6. Bxc6 dxc6 7. dxe5 Nf5
8. Qxd8+ Kxd8 9. Nc3 h6 10. h3 Bd7 11. Bf4 Kc8 12. Rad1 b6 13. Rfe1 Bb4 14. a3
Bxc3 15. bxc3 c5 16. g4 Ne7 17. c4 Be6 18. Nd2 Nc6 19. c3 Kb7 20. Be3 h5 21. f3
hxg4 22. hxg4 Nxe5 23. Bf4 Nd3 24. Re4 Nxf4 25. Rxf4 Rad8 26. Re4 Rd3 27. Kg2
Rhd8 28. Re2 Bxc4 29. Kf2 Rxc3 30. Nxc4 Rxd1 31. Ne5 f6 32. Ng6 Rdd3 0-1

[Event "CN Seniori 2012"]
[Site "Sarata Monteoru/Romania"]
[Date "2012.02.17"]
[Round "6.36"]
[White "David, Bogdan-Emanuel"]
[Black "Ursan, Cornel-Marius"]
[Result "0-1"]
[WhiteElo "1667"]
[BlackElo "1990"]
[PlyCount "60"]
[EventDate "2012.??.??"]

1. e4 e5 2. Nf3 Nc6 3. Bc4 Nf6 4. Ng5 d5 5. exd5 Na5 6. Bb5+ c6 7. dxc6 bxc6 8.
Qf3 Rb8 9. Bxc6+ Nxc6 10. Qxc6+ Nd7 11. d4 Be7 12. Nf3 Bb7 13. Qa4 O-O 14. Nbd2
e4 15. Ne5 Nb6 16. Qxa7 e3 17. Ndc4 Nxc4 18. Nxc4 Bxg2 19. Rg1 exf2+ 20. Kxf2
Bd5 21. Ne3 Ra8 22. Rxg7+ Kh8 23. Qxa8 Qxa8 24. Rg1 Bh4+ 25. Ke2 Re8 26. b3
Bf3+ 27. Kd2 Bf2 28. Bb2 Bxe3+ 29. Kc3 Rc8+ 30. Kb4 Qb7+ 0-1

[Event "CN Seniori 2012"]
[Site "Sarata Monteoru/Romania"]
[Date "2012.02.17"]
[Round "6.37"]
[White "Gulie, Cosmin"]
[Black "Mirauta, Stefano-Marius"]
[Result "1-0"]
[WhiteElo "2133"]
[BlackElo "1823"]
[PlyCount "63"]
[EventDate "2012.??.??"]

1. e4 c5 2. c3 d5 3. exd5 Qxd5 4. d4 Nf6 5. dxc5 Qxc5 6. Be3 Qc7 7. Na3 Bd7 8.
Nf3 e6 9. Nb5 Bxb5 10. Bxb5+ Nbd7 11. O-O Bc5 12. Bxc5 Qxc5 13. Qa4 a6 14.
Bxd7+ Nxd7 15. Rad1 O-O-O 16. Qf4 Nf6 17. Rd4 b5 18. a4 Rd5 19. axb5 axb5 20.
Rxd5 Qxd5 21. c4 bxc4 22. Rc1 Kb7 23. b3 Rd8 24. h3 Qe4 25. Qg5 Kb6 26. Rxc4
Qb1+ 27. Kh2 Rd5 28. Qe3+ Kb7 29. Rb4+ Kc6 30. Qa7 Nd7 31. Rb7 Qf5 32. Qa6+ 1-0

[Event "CN Seniori 2012"]
[Site "Sarata Monteoru/Romania"]
[Date "2012.02.17"]
[Round "6.38"]
[White "Popescu, Daniel-Vasilica"]
[Black "Coman, Liviu"]
[Result "1-0"]
[WhiteElo "2069"]
[BlackElo "1794"]
[PlyCount "47"]
[EventDate "2012.??.??"]

1. e4 c5 2. b4 e6 3. bxc5 Bxc5 4. d4 Be7 5. Nf3 Nf6 6. Bd3 d5 7. e5 Nfd7 8. c3
Qa5 9. a4 Nc6 10. O-O a6 11. Ba3 b5 12. axb5 Nd8 13. Qc2 Bb7 14. Bb2 Qb6 15.
Na3 axb5 16. Nxb5 Rc8 17. Ba3 Bxa3 18. Rxa3 O-O 19. Nd6 Ra8 20. Rxa8 Bxa8 21.
Bxh7+ Kh8 22. Ng5 f5 23. Qd3 Nb7 24. Qh3 1-0

[Event "CN Seniori 2012"]
[Site "Sarata Monteoru/Romania"]
[Date "2012.02.17"]
[Round "6.39"]
[White "Tiron, Calin-Andrei"]
[Black "Pisu, Robert-Daniel"]
[Result "0-1"]
[WhiteElo "1856"]
[BlackElo "2037"]
[PlyCount "84"]
[EventDate "2012.??.??"]

1. e4 e5 2. Nf3 Nf6 3. Nxe5 d6 4. Nf3 Nxe4 5. c4 Be7 6. Nc3 Nxc3 7. dxc3 Nc6 8.
Bd3 Bg4 9. Be4 Qc8 10. Be3 Ne5 11. Qb3 Bxf3 12. gxf3 c6 13. f4 Ng4 14. O-O-O a5
15. Rhg1 f5 16. Bf3 a4 17. Qc2 Nxe3 18. fxe3 O-O 19. Qg2 g6 20. h4 Bxh4 21.
Rxd6 Rf6 22. Qd2 Rxd6 23. Qxd6 Qe8 24. Qd2 Qe6 25. Rh1 Bf6 26. Be2 Qe4 27. Rh3
Rd8 28. Qc2 Qg2 29. Rf3 a3 30. Rf1 Qg3 31. Bf3 Qh3 32. Qf2 axb2+ 33. Kxb2 Qh6
34. Rd1 Rxd1 35. Bxd1 Qf8 36. Qd2 Qb4+ 37. Bb3 Qc5 38. Qd7 Qxe3 39. Qc8+ Kg7
40. Qxb7+ Kh6 41. Qxc6 Qxc3+ 42. Ka3 Be7+ 0-1